Čínska výzva Spojeným štátom

Zostrelenie meteorologickej družice Čínou balistickou strelou odpálenou zo Zeme vyvolalo vo svetových veľmociach nervozitu (USA, Rusko, Japonsko a India). Snaha o imidž Číny ako svetovej veľmoci? Rýchly rast ekonomiky krajiny, aj rast nákladov na skvalitňovanie branných síl. Obdobie rozkvetu Ázie v...

Descripción completa

Guardado en:
Detalles Bibliográficos
Autor principal: Pressburg, Adrian Peter
Formato: Capítulo de libro
Lenguaje:eslovaco
Materias:
Etiquetas: Agregar Etiqueta
Sin Etiquetas, Sea el primero en etiquetar este registro!

MARC

LEADER 00000naa$a2200000$$$4500
001 0052986
005 20231009072853.2
041 0 |a slo 
044 |a SK 
245 1 0 |a Čínska výzva Spojeným štátom  |c Adrian Peter Pressburg 
520 |a Zostrelenie meteorologickej družice Čínou balistickou strelou odpálenou zo Zeme vyvolalo vo svetových veľmociach nervozitu (USA, Rusko, Japonsko a India). Snaha o imidž Číny ako svetovej veľmoci? Rýchly rast ekonomiky krajiny, aj rast nákladov na skvalitňovanie branných síl. Obdobie rozkvetu Ázie v 21. storočí. Satelitná komunikácia. "Napäté" vzťahy medzi USA a Čínou. 
610 2 0 |a vzťahy medzinárodné 
610 2 0 |a zbrojenie 
610 2 0 |a satelity 
610 2 0 |a konkurencia 
610 2 0 |a rast hospodársky 
610 2 0 |a Čína 
610 2 0 |a USA 
100 1 |a Pressburg, Adrian Peter